[Event "Aeroflot Open 2017"]
[Site "Moscow"]
[Date "2017.02.28"]
[Round "8"]
[White "Saric, Ivan"]
[Black "Debashis, Das"]
[Result "0-1"]
[WhiteElo "2648"]
[BlackElo "2472"]
[Annotator "TA"]
[PlyCount "114"]
[EventDate "2017.??.??"]

1. Nf3 Nf6 2. g3 d5 3. Bg2 {??.} e6 4. O-O Nbd7 5. c4 dxc4 6. Qc2 c6 7. Qxc4
Bd6 8. b3 O-O 9. Bb2 e5 10. d3 Re8 11. Nbd2 Qe7 12. a3 Nf8 13. Qc2 Bc7 14. b4
Bg4 15. h3 Bd7 16. e4 Ng6 17. d4 exd4 18. Nxd4 Rad8 19. Rae1 Bc8 $1 20. N2b3
Nh5 21. Re3 Qd6 ({Black should try} 21... Qg5 $14) 22. Rfe1 $1 $16 Nf6 {[#]} (
22... h6 $16 {is a better defense.}) 23. f4 (23. Nxc6 $1 $18 Qxc6 (23... bxc6
24. e5) 24. Rc3) 23... Qf8 24. Kh1 Bb6 25. Qc3 h5 26. Nc5 (26. Rf1 $14) 26...
h4 $11 27. f5 Ne5 28. gxh4 Bc7 29. Nf3 Nh5 30. Nxe5 (30. Qc2 $11) 30... Bxe5
$15 31. Qc2 Bg3 {And now ...b6 would win.} 32. Rg1 {Bf3 is the strong threat.}
Bf4 33. Rf3 $1 Rd2 34. Qc3 $1 {[#] Black must now prevent Rxf4!} Rxb2 $1 35.
Qxb2 {aiming for Bf1.} Ng3+ 36. Rxg3 $1 Bxg3 37. h5 Qd6 38. Bf3 Be5 {Black has
compensation.} 39. Qg2 Rd8 40. Be2 Qh6 {Threatens to win with ...Qe3.} 41. Nd3
Bc7 42. Rf1 b6 43. f6 g6 44. e5 Rxd3 45. Bxd3 Qxh5 46. Be2 Qxe5 47. Bc4 (47.
Bd3 $15 Kf8 48. Rf2) 47... Bf5 $36 {Black is really pushing.} 48. Be2 {[#]} c5
$1 49. bxc5 bxc5 50. Bg4 (50. Rf2 {was necessary.}) 50... Bd3 $19 51. Rf2 c4
52. Be2 Be4 53. Bf3 Bb6 54. Rf1 $2 (54. Bxe4 Bxf2 55. Bd5 Qxf6 56. Bxc4) 54...
Bd3 55. Rd1 c3 56. h4 c2 57. Rc1 Qf4 0-1

[Event "Aeroflot Open 2017"]
[Site "Moscow"]
[Date "2017.02.28"]
[Round "8"]
[White "Swiercz, Dariusz"]
[Black "Indjic, Aleksandar"]
[Result "1/2-1/2"]
[WhiteElo "2645"]
[BlackElo "2560"]
[Annotator "TA"]
[PlyCount "81"]
[EventDate "2017.??.??"]

1. e4 e5 2. Nf3 Nf6 3. Nxe5 d6 4. Nf3 Nxe4 5. d4 d5 6. Bd3 Be7 7. O-O Nc6 8.
Nbd2 Bf5 9. Re1 Nd6 10. Nf1 O-O {LiveBook: 8 Games} 11. c3 Bxd3 12. Qxd3 Bf6 {
White is slightly better.} 13. Ng3 Ne7 14. h4 g6 15. h5 c6 16. Bf4 Nef5 17.
Nxf5 Nxf5 18. Ne5 Re8 19. Qh3 Bxe5 20. hxg6 hxg6 (20... fxg6 $11 21. Bxe5 h5)
21. dxe5 $16 Kg7 22. g4 ({Better is} 22. Qg4 $16 {Bg5 is the strong threat.}
Nh6 23. Bxh6+ Kxh6 24. Re3) 22... Rh8 $11 23. Qf3 Nh4 24. Qd3 g5 25. Bg3 Qe7
26. e6 f6 27. Rad1 Rad8 28. Qe3 a5 29. b3 Rh6 (29... Ng6 $11) 30. Rd3 (30. Rd4
$16) 30... Rdh8 31. c4 Ng6 32. Kg2 ({Don't go for} 32. cxd5 $2 Qb4 33. f3 Rh3
$19) 32... Rh3 {[#] Strongly threatening ...Nf4+!} 33. Qe2 (33. Qd4 $14) 33...
Kf8 $1 {The position is equal.} 34. cxd5 {Black must now prevent d6.} Qh7 35.
e7+ Ke8 $1 ({Don't take} 35... Qxe7 $2 36. Qxe7+ Nxe7 37. dxc6 bxc6 38. Rd8+
Kf7 39. Rd7 Rxg3+ 40. Kxg3 $18) 36. Qe6 $1 {[#] aiming for Qc8+.} Rxg3+ 37.
fxg3 {Qc8+ would kill now.} Ne5 $1 38. Qc8+ Kf7 39. Qe6+ Ke8 $1 40. Qc8+ Kf7 {
( -> ...Qh2+)} 41. Qe6+ 1/2-1/2

[Event "Aeroflot Open 2017"]
[Site "Moscow"]
[Date "2017.02.28"]
[Round "8"]
[White "Alekseev, Evgeny"]
[Black "Zhigalko, Andrey"]
[Result "1/2-1/2"]
[WhiteElo "2632"]
[BlackElo "2571"]
[Annotator "TA"]
[PlyCount "57"]
[EventDate "2017.??.??"]

1. d4 Nf6 2. Nf3 g6 3. g3 {??.} Bg7 4. Bg2 c5 5. O-O cxd4 6. Nxd4 h5 7. h3 d5
8. Nb3 O-O 9. Nc3 Nc6 10. Be3 Bf5 11. Nd4 Nxd4 12. Bxd4 Rc8 13. a4 b6 14. e3
Qd7 15. Kh2 Rfd8 16. Qe2 Qc7 {And now ...e5 would win.} 17. f4 Qc4 18. Rf2 Qxe2
19. Rxe2 Ne4 {Strongly threatening ...Bxd4.} 20. Bxe4 Bxe4 21. Bxg7 Kxg7 22.
Rd2 Rc4 23. g4 h4 24. Kg1 Rdc8 25. Kf2 Rb4 26. Nxe4 {The position is equal.}
Rxe4 27. c3 ({But not} 27. Rxd5 Rxc2+ 28. Kf3 Rb4 $17) 27... e6 28. Rd4 f5 29.
Kf3 1/2-1/2

[Event "Aeroflot Open 2017"]
[Site "Moscow"]
[Date "2017.02.28"]
[Round "8"]
[White "Goganov, Aleksey"]
[Black "Sunilduth Lyna, Narayanan"]
[Result "1/2-1/2"]
[WhiteElo "2632"]
[BlackElo "2524"]
[Annotator "TA"]
[PlyCount "103"]
[EventDate "2017.??.??"]

1. d4 Nf6 2. c4 g6 3. f3 Bg7 4. e4 d6 5. Nc3 O-O 6. Be3 c5 7. d5 e6 8. Nge2
exd5 9. cxd5 b6 10. Ng3 Ba6 {LiveBook: 7 Games} 11. Be2 Bxe2 12. Qxe2 Re8 13.
O-O a6 14. a4 Nbd7 15. Rab1 h5 16. Rfc1 h4 17. Nh1 Nh5 18. Nf2 f5 19. Qd2 Ne5
20. b3 Nf7 21. Ne2 h3 22. Nxh3 ({But not} 22. gxh3 Qh4 23. f4 fxe4 $17) 22...
fxe4 23. f4 Nf6 24. Nf2 (24. Re1 $11) 24... Nh6 $1 $15 25. Ng3 Qd7 26. h3 Nf5
27. Nxf5 gxf5 28. Kh2 ({White should try} 28. Nd1 $15) 28... Qf7 $36 {Black is
in control.} 29. Rd1 b5 30. axb5 axb5 31. g4 fxg4 32. hxg4 (32. Rg1 $17 {
was called for.}) 32... Ra3 $1 $19 33. g5 Qh5+ 34. Kg1 Ng4 35. Nxg4 Qxg4+ 36.
Qg2 Qxg2+ 37. Kxg2 c4 38. Bd4 $2 (38. Kf2 cxb3 39. f5) 38... c3 39. Rbc1 $2 (
39. Bxg7 c2 40. Bf6 Rxb3 41. Rbc1 cxd1=N 42. Rxd1) 39... Ra2+ 40. Kg3 c2 41.
Rd2 {Strongly threatening Bxg7.} e3 42. Bxe3 Rxe3+ 43. Kg4 Rc3 44. Kf5 b4 (
44... Kf7 $142 45. Kg4 Rb2) 45. Kg6 Rxb3 $2 (45... Rc8 $19 {...Bh8 is the
strong threat.} 46. Re2 Bh8) 46. Re2 $2 (46. Rcxc2 $11 {and White has nothing
to worry.} Rxc2 47. Rxc2) 46... Rf3 $2 {[#]} (46... Rb1 $19 47. Rexc2 {[#]}
Rxc2 $1 48. Rxb1 Bc3) 47. Re8+ (47. Re7 $1 $16 Bf8 48. Rh7) 47... Bf8 $11 48.
Rh1 $1 {White threatens Rh8+! and mate.The position is equal.} Rxf4 49. Rh7 $1
c1=Q 50. Rg7+ $1 Kh8 {[#] ( -> ...Qb1+)} 51. Rxf8+ $1 Rxf8 52. Rh7+ 1/2-1/2

[Event "Aeroflot Open 2017"]
[Site "Moscow"]
[Date "2017.02.28"]
[Round "8"]
[White "Oparin, Grigoriy"]
[Black "Lomasov, Semen"]
[Result "1-0"]
[WhiteElo "2625"]
[BlackElo "2450"]
[Annotator "TA"]
[PlyCount "171"]
[EventDate "2017.??.??"]

1. d4 Nf6 2. c4 e6 3. Nf3 Bb4+ 4. Nbd2 a5 5. a3 Be7 6. e4 d5 7. Bd3 c5 8. cxd5
exd5 9. O-O O-O 10. e5 Nfd7 11. Re1 Nc6 12. Qc2 h6 {LiveBook: 18 Games} 13. b3
cxd4 14. Bb2 Nc5 {The position is equal.} 15. Nxd4 Nxd4 16. Bxd4 Nxd3 17. Qxd3
Qd7 18. Be3 Ra6 19. Nf3 Rg6 {...Qg4 is the strong threat.} 20. Nd4 Qg4 21. g3
Bc5 22. Qd1 Bxd4 23. Bxd4 Qxd1 24. Raxd1 Bg4 25. Rc1 Rc8 26. Rxc8+ Bxc8 $11 {
Endgame KRB-KRB} 27. Rc1 Bg4 28. Kg2 a4 29. f3 Bf5 30. Rc3 axb3 31. Rxb3 Ra6
32. g4 Bc8 33. Kf2 h5 34. h3 hxg4 35. hxg4 Kf8 36. Bc5+ Ke8 37. Ke3 Ra4 38. Bb4
Be6 {Strongly threatening ...d4+!} 39. Kf4 f6 40. exf6 gxf6 41. Rb2 Ra6 42. Rc2
Rc6 (42... Bd7 $14) 43. Rxc6 $1 $18 bxc6 {KB-KB} 44. Bc5 $1 Bc8 (44... Kf7 $16
{keeps fighting.}) 45. Kg3 Ba6 46. a4 $1 Kd7 47. f4 Bc4 48. f5 d4 $2 (48... Ke8
{was worth a try.} 49. a5 Bd3) 49. Bxd4 Ke7 50. a5 Bd3 51. Kf3 Bb5 52. Ke3 Bf1
53. Bc5+ Kd7 54. Bb4 Kd8 55. Kf2 Bc4 56. Kg3 Kd7 57. Kh4 Ke8 58. Kh5 {And now
Kg6 would win.} Kf7 59. Bc5 Bd3 60. Bb6 Be2 61. Bd4 Bd3 62. Kh4 Ke7 63. Bc5+
Ke8 64. Kg3 Kd7 65. Kf4 Be2 66. Bd4 Ke7 67. Ke3 Bf1 $1 68. Bb6 Kd7 69. Bc5 Kd8
70. Bb4 Kd7 71. Bc3 Ke7 72. Kd4 Kd6 73. Bb4+ Kd7 74. Ke4 Be2 75. Kf4 Bf1 $2 (
75... Bb5 $18 76. Ke3 Ba6) 76. Bc3 Ke7 77. Bxf6+ $1 Kxf6 {KB-K3P} 78. g5+ Ke7
79. Ke5 {White mates.} Bd3 80. g6 Kf8 {[#]} 81. f6 $1 c5 {[#]} 82. g7+ $1 Kf7
83. Kd6 Bh7 84. a6 c4 85. a7 Be4 {[#]} 86. g8=Q+ $1 1-0

[Event "Aeroflot Open 2017"]
[Site "Moscow"]
[Date "2017.02.28"]
[Round "8"]
[White "Sethuraman, S P."]
[Black "Paravyan, David"]
[Result "1/2-1/2"]
[WhiteElo "2623"]
[BlackElo "2525"]
[Annotator "TA"]
[PlyCount "158"]
[EventDate "2017.??.??"]

1. e4 e6 2. d4 d5 3. Nc3 dxe4 4. Nxe4 Bd7 5. Nf3 Bc6 6. Bd3 Nd7 7. O-O Ngf6 8.
Neg5 Bd6 9. Re1 h6 10. Nh3 {LiveBook: 41 Games} Be7 11. c4 g5 12. d5 exd5 13.
Nd4 Nc5 (13... dxc4 $11 14. Bxc4 Nb6) 14. b3 $14 ({Of course not} 14. Nxc6 bxc6
15. Bf5 dxc4 $11) 14... Nxd3 15. Qxd3 {Hoping for Nf5.} dxc4 $1 16. Qxc4 Be4 (
16... Bd5 $14 17. Qb5+ Qd7) 17. Bb2 $1 $18 O-O 18. Rad1 Re8 (18... Bg6 $142 19.
Ne6 fxe6) 19. Ne6 Qb8 $2 (19... Qc8) 20. Nexg5 (20. Nxc7 Rc8 $16) 20... hxg5
21. Nxg5 Bg6 {[#]} 22. Qc3 $2 (22. Rxe7 $1 $18 {is the precise move to win.}
Rxe7 23. Bxf6) 22... Rd8 $16 23. Rc1 Rd3 24. Qe5 Qd8 25. Qxe7 Qxe7 26. Rxe7 Nd5
27. Ree1 $36 {White fights for an advantage.} Rd2 28. Ba1 Rxa2 29. h4 Ra3 30.
Rc4 f6 31. Rg4 Rxb3 $2 (31... Re8 $1 $11 {and Black is okay.} 32. Rxe8+ Bxe8)
32. Ne6 $18 Kf7 {[#]} 33. h5 $1 Rg8 (33... Bxh5 34. Rg7+) 34. hxg6+ Rxg6 35.
Nd8+ Kg7 36. Ne6+ Kf7 37. Rh4 Kg8 38. Nd4 Rb4 39. Rhe4 Kf7 40. g4 $2 (40. f3
$18) 40... c5 $11 41. Nf5 Rxg4+ 42. Rxg4 Rxg4+ 43. Kf1 Rb4 44. Nd6+ Kg6 45. Rd1
Nf4 46. Bc3 Rb3 47. Bd2 Ne6 48. Re1 Nd4 49. Re7 Rd3 50. Bf4 b5 51. Rxa7 c4 {
...c3 is the strong threat.} 52. Nc8 c3 {And now ...c2 would win.} 53. Ne7+ Kh5
54. Be3 Rd1+ {Black has compensation.} 55. Kg2 {Strongly threatening Ra8.} Nc2
56. Nf5 b4 (56... Kg4 $5 57. Nh6+ $8 Kh5 $11) 57. Rb7 Kg4 58. Nh6+ Kh5 59. Nf5
Rd5 60. Ng3+ Kg6 61. Nf1 (61. Bc1 $11) 61... Rd1 62. Bf4 Rb1 {White must now
prevent ...Ne1+.} 63. Ng3 ({White should play} 63. Bd2 Na3 64. Rb8) 63... Ne1+
(63... Nd4 $142 $1 64. Be3 c2) 64. Kh3 $17 Nd3 (64... c2 $17 65. Be3 Nf3) 65.
Be3 $15 c2 66. Kg4 $2 (66. f4 $15 f5 67. Rb6+ Kf7 68. Rb7+ (68. Nxf5 $2 Re1 69.
Nd6+ Ke7 70. Nf5+ Kf7 71. Nd6+ Ke7 72. Nf5+ Ke8 $19) 68... Ke6 69. Ne2) 66...
Nxf2+ $2 (66... Ne5+ 67. Kf4 Nd3+ 68. Kg4 b3) 67. Kf3 $19 Nd1 68. Bd2 {[#]} b3
$2 (68... Rb3+ $1 $19 69. Kf4 {[#]} Ne3 $1) 69. Ne2 $1 $11 {Threatens to win
with Nf4+.The position is equal.} f5 70. Nd4 c1=Q 71. Bxc1 Rxc1 72. Rxb3 {
Endgame KRN-KRN} Nc3 73. Rb6+ Kg5 74. Ne6+ Kf6 75. Nf4+ Ke7 76. Ng6+ Kf7 77.
Ne5+ Kg7 78. Rg6+ Kh7 79. Rc6 Na2 1/2-1/2

[Event "Aeroflot Open 2017"]
[Site "Moscow"]
[Date "2017.02.28"]
[Round "8"]
[White "Vavulin, Maksim"]
[Black "Huzman, Alexander"]
[Result "1-0"]
[WhiteElo "2604"]
[BlackElo "2552"]
[Annotator "TA"]
[PlyCount "159"]
[EventDate "2017.??.??"]

1. e4 e6 2. d4 d5 3. Nd2 c5 4. Ngf3 cxd4 5. Nxd4 Nc6 6. Bb5 Bd7 7. Nxc6 bxc6 8.
Bd3 Bd6 9. Nf3 {LiveBook: 3 Games} Ne7 10. e5 Bc7 11. O-O {The position is
equal.} c5 12. c4 Bc6 13. Qe2 dxc4 14. Bxc4 O-O 15. Bd3 h6 16. Rd1 Qb8 17. Be3
Bb6 18. Bf4 Ng6 19. Bg3 Qb7 20. Ba6 Qe7 21. Bb5 Bd5 22. Ne1 Rfd8 23. Nc2 Bb7
24. Ne3 Rxd1+ 25. Rxd1 {Threatens to win with Rd7.} Rd8 26. Rxd8+ Qxd8 27. Qd3
Qxd3 28. Bxd3 Ne7 29. Bb5 Nc6 30. Kf1 Bc7 31. f4 g5 32. Ng4 Kg7 33. Nf6 {
Black must now prevent Ne8+.} Bb6 34. fxg5 hxg5 35. Nd7 Nd4 36. Bc4 Bc6 37.
Nxb6 axb6 $11 {Endgame KBB-KBN} 38. Bf2 Nf5 39. a3 Ne7 40. Be3 Ng6 41. Bxg5
Nxe5 42. Be2 f6 43. Bf4 Ng6 44. Bc7 b5 45. Kf2 c4 46. Bf3 Bxf3 47. Kxf3 {KB-KN}
Nh4+ (47... f5 $11) 48. Kg3 ({White has to play} 48. Ke4 $1 $16) 48... Ng6 $1
49. Kg4 Ne7 50. h4 Nd5 51. Ba5 e5 52. Bd2 Kf7 (52... e4 $16) 53. h5 $1 $18 e4
54. Kf5 $1 e3 55. Be1 $1 Nb6 56. Ke4 (56. Kf4 $18) 56... Na4 (56... e2 $16 {
is a better defense.}) 57. Kxe3 {And now Bc3 would win.} Nxb2 58. Kd4 Na4 $2 (
58... Nd3 59. Ba5 Ke6) 59. g4 Kg7 60. Bd2 Kf7 61. Be3 Ke6 62. Bc1 Kf7 63. Be3
Ke6 $1 64. Bd2 (64. Bf4 $142 Kf7 65. Bh6) 64... Kf7 65. Kd5 c3 66. Bc1 Nb2 67.
Kd4 Nd1 68. Kc5 c2 69. Kxb5 Nc3+ 70. Kc4 Ne2 71. Be3 f5 72. gxf5 Ng3 73. h6 $1
Nxf5 74. Bc1 $2 (74. Bf4 {a4 is the strong threat.} Kg6 75. Kd3) 74... Nd6+ $2
(74... Kg6 $18 75. Kd3 Kf6) 75. Kb4 Nf5 76. a4 Nxh6 77. Bxh6 {White mates.} Ke6
78. Kc5 Kd7 {[#]} 79. Kb6 $1 Kc8 {[#]} 80. Ka7 $1 1-0

[Event "Aeroflot Open 2017"]
[Site "Moscow"]
[Date "2017.02.28"]
[Round "8"]
[White "Bosiocic, Marin"]
[Black "Movsesian, Sergei"]
[Result "1-0"]
[WhiteElo "2602"]
[BlackElo "2679"]
[Annotator "TA"]
[PlyCount "165"]
[EventDate "2017.??.??"]

1. e4 e6 2. d4 d5 3. Nc3 Bb4 4. e5 Ne7 5. Qg4 Ng6 6. a3 Bxc3+ 7. bxc3 b6 8. h4
h5 9. Qd1 Ba6 10. Bxa6 Nxa6 11. Bg5 Qd7 12. Ne2 Ne7 13. Nf4 g6 14. Bf6 Rg8 {
LiveBook: 9 Games} 15. Qd3 Qa4 16. O-O Rc8 {The position is equal.} 17. Rfd1 c6
18. f3 Kd7 19. g4 ({White should play} 19. Bg5 $14) 19... hxg4 20. fxg4 Nc5 $1
21. dxc5 Qxf4 22. Qd4 Qg3+ 23. Kf1 $1 Qf3+ (23... Qh3+ $11 24. Kf2 Qh2+ 25. Kf3
Rb8) 24. Ke1 $1 $15 bxc5 (24... Rc7 $1 $15) 25. Qxc5 $11 Qe4+ 26. Kd2 Qf4+ 27.
Ke1 Qe4+ 28. Kd2 Qf4+ 29. Qe3 Qxg4 30. Rab1 d4 (30... Nf5 $5 31. Rb7+ $8 Ke8
$11) 31. Qxd4+ Qxd4+ 32. cxd4 Rb8 33. Bxe7 Kxe7 {Endgame KRR-KRR} 34. Rb4 Rgd8
{...Rxb4 is the strong threat.} 35. Kc3 a5 36. Rc4 Rb6 37. Rf1 Rh8 38. Rc5 Rxh4
39. Rxa5 {Threatens to win with Ra7+.} Rb7 40. Kc4 Rh8 41. Ra6 (41. a4 $16)
41... g5 (41... c5 $11) 42. a4 g4 43. a5 g3 44. Rxc6 Rh2 45. Kd3 g2 46. Rg1
Rh3+ ({Black should try} 46... Rb4 $14) 47. Ke4 $16 Rg3 48. Kf4 Rg8 49. Kf3 Kd7
50. Rc4 Rb5 51. Ra4 Rb2 (51... Ra8 $18 52. Rxg2 Rbxa5 53. Rxa5 Rxa5) 52. Rc4 ({
White must play} 52. Rxg2 $16 Rxg2 53. Kxg2 Rxc2+ 54. Kf3) 52... f6 $2 (52...
Rb5 $1 $11 {and Black is okay.}) 53. Rxg2 $18 Rxg2 54. Kxg2 fxe5 (54... Ra2
$142 55. exf6 Rxa5) 55. dxe5 {KR-KR} Rb5 56. Ra4 Kc7 57. a6 $1 {Hoping for a7.}
Kb8 58. Re4 $1 Rb2 59. Re2 $2 (59. Kf3 $18 {has better winning chances. aiming
for Rd4.} Ra2 60. Rc4 Rxa6 61. Kf4) 59... Ra2 $16 60. Kf3 Rxa6 61. Rd2 $1 Kc7 {
[#]} 62. Kf4 $1 Ra1 $2 (62... Ra3 $16 63. Rd6 Rc3) 63. Rd6 $18 Rf1+ 64. Ke3 (
64. Ke4 $142 Rc1 65. Rxe6) 64... Re1+ 65. Kd4 Rc1 66. c4 (66. Rxe6 Rxc2 67.
Re7+ Kd8 $11) 66... Rd1+ 67. Kc5 Re1 68. Rxe6 Kd7 69. Rd6+ Ke7 70. Kd5 Rd1+ {
[#]} 71. Kc6 $1 Re1 72. Rd5 Ke6 73. c5 Re2 74. Rd6+ Ke7 {[#]} 75. e6 $1 Re5 (
75... Rxe6 76. Rxe6+) 76. Rd7+ Ke8 77. Kd6 Re1 78. Rh7 Rd1+ 79. Kc7 Re1 80. c6
Rb1 81. Rh8+ Ke7 82. Rb8 Rc1 83. Rb2 1-0

[Event "Aeroflot Open 2017"]
[Site "Moscow"]
[Date "2017.02.28"]
[Round "8"]
[White "Rozum, Ivan"]
[Black "Tabatabaei, M amin"]
[Result "1-0"]
[WhiteElo "2601"]
[BlackElo "2507"]
[Annotator "TA"]
[PlyCount "89"]
[EventDate "2017.??.??"]

1. Nf3 Nf6 2. g3 b5 3. Bg2 Bb7 4. Na3 a6 5. c4 b4 6. Nc2 e6 7. O-O Be7 8. d4
Be4 {LiveBook: 3 Games} 9. Nd2 Bxg2 10. Kxg2 c5 {White is slightly better.} 11.
e4 {e5 is the strong threat.} O-O 12. d5 exd5 13. exd5 (13. cxd5 $16 d6 14. a3)
13... Re8 14. b3 a5 15. a4 d6 16. Ne3 Bf8 17. Bb2 Nbd7 18. Qc2 g6 19. Rae1 Bg7
20. f4 Re7 21. Nd1 Qf8 22. Rxe7 Qxe7 23. Nf3 Re8 24. Re1 Qf8 25. Rxe8 Qxe8 26.
Nf2 Nh5 27. Bc1 f5 28. h3 {next g4 is good for White.} Bc3 29. g4 Ng7 30. Kf1
fxg4 31. hxg4 Nf6 32. Qe2 Qd7 33. Ng5 h5 34. gxh5 gxh5 35. Ne6 Nf5 {And now ...
Ng3+ would win.} 36. Qd3 (36. Qf3 $11) 36... Qh7 $17 37. Ng5 Qg6 38. Bd2 Bd4
39. Ke1 Ng4 (39... Kg7 $17 40. Nfh3 h4) 40. Nfe4 $1 $15 {Hoping for Nxd6!} Kh8
$2 {[#]} (40... Qh6 $11) 41. Nxd6 $1 $18 Ngh6 (41... Nxd6 42. Qxg6) 42. Nb5 Ng4
$2 (42... Kg7 43. d6 Nf7) 43. Nxd4 {White is clearly winning.} cxd4 44. c5 Qe8+
45. Ne6 1-0

[Event "Aeroflot Open 2017"]
[Site "Moscow"]
[Date "2017.02.28"]
[Round "8"]
[White "Kovalev, Vladislav"]
[Black "Sjugirov, Sanan"]
[Result "1-0"]
[WhiteElo "2598"]
[BlackElo "2673"]
[Annotator "TA"]
[PlyCount "117"]
[EventDate "2017.??.??"]

1. e4 e6 2. d4 d5 3. Nd2 Be7 4. e5 c5 5. c3 Nc6 6. Bd3 Qb6 7. Ndf3 f6 8. Ne2 {
LiveBook: 4 Games} fxe5 9. Nxe5 Nxe5 ({Black should play} 9... Bd6 $11) 10.
dxe5 $14 {White is slightly better.} Bd7 11. O-O Qc7 12. c4 Qxe5 13. Bf4 Qh5 (
13... Qxb2 14. Rb1 Qa3 15. cxd5 $16 (15. Rxb7 d4 $18)) 14. Qb3 Nf6 (14... b5 $1
$11 {remains equal.} 15. Ng3 Qf7 16. cxd5 c4 17. dxe6 Qxe6) 15. Qxb7 $16 O-O
16. Bg3 Qe8 17. Rae1 Qc8 18. Qxc8 Raxc8 19. Nf4 Kf7 20. Nh3 {Black must now
prevent Ng5+.} Nh5 21. Be5 h6 22. f4 Nf6 23. f5 exf5 24. cxd5 {next Bc4 is
good for White.} c4 $1 25. Bxf5 Bxf5 26. Rxf5 Kg6 27. Rf3 {Threatens to win
with Nf4+.} Nxd5 ({Black should try} 27... Bc5+ $14 28. Kh1 Kh7) 28. Rg3+ Bg5
29. Nxg5 hxg5 {[#]} 30. Bxg7 $1 Rf5 (30... Kxg7 31. Rxg5+) 31. Bd4 Nf4 32. h4 (
32. Bxa7 $6 Rd8 33. Rf3 Rb5 $14) 32... Kh5 (32... Rd8 $16 33. Bc3 Rd3) 33. hxg5
({But not} 33. Bxa7 $6 gxh4 34. Rg7 Rg5 35. Rxg5+ Kxg5 $16) 33... Rxg5 34.
Rxg5+ Kxg5 $18 {Endgame KRB-KRN} 35. Re7 a6 36. Kf2 Nd3+ 37. Ke3 Nb4 (37... Rb8
$142 38. Rg7+ Kh6) 38. Re5+ Kg4 39. a3 Nd3 40. Re6 Rb8 41. Rg6+ Kf5 42. Rxa6
Nxb2 {[#]} 43. Ra5+ (43. Rf6+ $1 $18 {is the precise move to win.} Kg4 44. Bxb2
Rxb2 45. Kd4) 43... Kg4 $2 {[#]} (43... Ke6 $16 44. Ke4 Nd1 45. Ra6+ Kd7) 44.
Bf6 (44. Bxb2 $1 $18 Rxb2 45. Kd4) 44... Rb3+ $2 (44... Re8+ $16 45. Kd2 Nd3)
45. Ke4 Kg3 46. Rg5+ Kf2 47. Bd4+ Ke1 $2 (47... Ke2 48. Bxb2 Rxb2) 48. Rc5 Rxa3
49. g4 ({Weaker is} 49. Bxb2 Rg3 $14) 49... Ra4 50. g5 Nd3 51. Rc8 Nf2+ 52.
Bxf2+ {White mates.} Kxf2 {KR-KR} 53. g6 Ke2 54. g7 c3+ 55. Kf5 Ra5+ 56. Kf4
Ra4+ 57. Kg3 Ra1 58. Kg2 ({Worse is} 58. Rxc3 Rg1+ 59. Kf4 Rxg7 $11) 58... c2
59. Rxc2+ 1-0

[Event "Aeroflot Open 2017"]
[Site "Moscow"]
[Date "2017.02.28"]
[Round "8"]
[White "Bok, Benjamin"]
[Black "Kuzubov, Yuriy"]
[Result "0-1"]
[WhiteElo "2596"]
[BlackElo "2643"]
[Annotator "TA"]
[PlyCount "95"]
[EventDate "2017.??.??"]

1. e4 c5 2. Nf3 Nc6 3. Nc3 g6 4. d4 cxd4 5. Nxd4 Bg7 6. Be3 Nf6 7. Bc4 Qa5 8.
O-O O-O 9. Nb3 Qc7 10. Be2 d6 11. Nd5 {LiveBook: 4 Games} Qd8 12. Nxf6+ Bxf6
13. c3 {White is slightly better.} Rb8 14. f4 a6 15. a4 b6 16. Bf3 {Strongly
threatening e5.} Qc7 17. Qe2 Na5 18. Nd2 Be6 19. Bd4 ({Don't play} 19. Qxa6 Nc4
20. f5 Nxe3 $17) 19... Bc4 20. Nxc4 Bxd4+ ({Don't take} 20... Qxc4 $2 21. Bxf6
exf6 22. b4 $18) 21. cxd4 Qxc4 ({Don't go for} 21... Nxc4 $2 22. Rfc1 $18) 22.
Qxc4 Nxc4 23. Rfc1 Nxb2 24. Be2 {[#] Black must now prevent Rc2.} Rfc8 {
...Rxc1+ is the strong threat.} 25. Bxa6 Rxc1+ 26. Rxc1 Nxa4 $11 {Endgame
KRB-KRN} 27. Bb5 Ra8 28. Rc7 Kf8 29. Bc6 Ra6 30. Rc8+ Kg7 31. Rc7 Nc3 32. Rxe7
{[#]} b5 $1 33. d5 $2 (33. Bd5 $17) 33... Kf6 $2 (33... Rb6 $19 34. Rb7 Rxb7
35. Bxb7 b4) 34. Rd7 $2 (34. Re8 $11 Ne2+ 35. Kf2 Nxf4 36. Bxb5) 34... Ra1+ 35.
Kf2 Nxe4+ 36. Kf3 $2 (36. Ke2) 36... Nc5 $19 37. Rc7 Rf1+ 38. Ke3 $2 (38. Ke2
Rxf4 39. Bxb5) 38... b4 39. Bb5 Re1+ 40. Kf2 $2 (40. Kd2 Re4 41. g3) 40... Rc1
{Hoping for ...b3.Black is clearly winning.} 41. Kf3 Rc3+ 42. Ke2 Ne6 43. Rxc3
(43. Rb7 $142 Nxf4+ 44. Kd2) 43... Nxf4+ 44. Kd2 {aiming for Rf3.} bxc3+ 45.
Kxc3 Nxg2 46. Kd4 Nh4 47. Ke4 Kg5 48. Kd4 0-1

[Event "Aeroflot Open 2017"]
[Site "Moscow"]
[Date "2017.02.28"]
[Round "8"]
[White "Bindrich, Falko"]
[Black "Gabrielian, Artur"]
[Result "1-0"]
[WhiteElo "2590"]
[BlackElo "2532"]
[Annotator "TA"]
[PlyCount "139"]
[EventDate "2017.??.??"]

1. d4 Nf6 2. c4 g6 3. Nf3 {??.} Bg7 4. g3 O-O 5. Bg2 d5 6. cxd5 Nxd5 7. O-O Nb6
8. Nc3 Nc6 9. e3 Re8 10. a3 e5 11. d5 Ne7 12. e4 Bd7 13. a4 $36 {White has
good play.} Nbc8 ({Better is} 13... c6 $11) 14. a5 a6 15. b3 Nd6 16. Re1 Nb5
17. Na4 Bg4 18. Bb2 Nc8 19. h3 Bxf3 20. Qxf3 Ncd6 21. Nc5 Qe7 22. Rac1 Rac8 23.
h4 Rcd8 24. Bh3 h5 25. b4 Rf8 26. Qb3 Kh7 27. Rcd1 Kh8 28. Nd3 b6 (28... Kh7
$14) 29. Rc1 $16 Rfe8 30. Rc6 Na7 31. Rcc1 ({Stronger than} 31. axb6 Nxc6 32.
dxc6 cxb6 $15) 31... Nab5 32. Qa2 Ra8 (32... bxa5 $16 33. bxa5 g5) 33. Qa1 $18
Nd4 $2 {[#]} (33... bxa5 34. Qxa5 Kh7) 34. Bxd4 $1 exd4 35. axb6 cxb6 36. e5
Nb5 37. d6 Qa7 38. Bg2 Rad8 39. Bc6 Nxd6 40. exd6 Rxe1+ 41. Rxe1 {[#] And now
Re7 would win.} ({Weaker is} 41. Nxe1 d3 42. Qa2 Rxd6 $18) 41... Rxd6 42. Bg2
Rd8 43. Qa2 a5 44. Ra1 Rb8 45. Kh2 ({Don't play} 45. bxa5 Qxa5 46. Qxa5 bxa5
$18) 45... Qe7 46. bxa5 bxa5 47. Qxa5 Rb3 48. Bf1 Rc3 49. Qd5 Kh7 50. Kg1 Rc7
51. Re1 Qf6 52. Qe4 Qb6 53. Qd5 $2 (53. Nf4 $18 Qb7 54. Nd5) 53... Bf6 $2 (
53... Qf6 $1 $11 {and Black has nothing to worry.} 54. Ne5 Qe7 55. Qxd4 Qe8)
54. Qa2 Ra7 55. Qb2 Qd8 56. Rb1 Kg7 57. Qb8 Qd7 58. Bh3 Qe7 59. Re1 Qa3 60. Bf1
Ra8 61. Qf4 Ra5 62. Rb1 Qe7 63. Rb6 Rd5 64. Bg2 Rd7 65. Qe4 Qd8 66. Ra6 Kh7 (
66... Rd6 {is a better defense.}) 67. Qf4 {White is clearly winning.} Bg7 68.
Be4 Qc8 69. Ra8 Qc2 70. Ne5 1-0